Brassens - Le vieux Léon - Statistiques

Statistiques générales
  • Ce quiz a été pris 76 fois
    75 depuis la dernière actualisation
  • Le résultat moyen est 198 sur 292
Statistiques - réponses
Parole % Correct
a
100%
à
100%
de
100%
De
100%
la
97%
le
97%
Léon
97%
Mon
97%
mon
97%
vieux
97%
d'accordéon
93%
l'accordéon
93%
ma
93%
on
93%
au
90%
Au
90%
par
90%
te
90%
et
86%
Et
86%
les
86%
Les
86%
paradis
86%
se
86%
ans
83%
es
83%
ne
83%
Que
83%
que
83%
Quinze
83%
tu
83%
chez
79%
79%
du
79%
musique
79%
parti
79%
Parti
79%
su
79%
tout
79%
Avaient
76%
bientôt
76%
bon
76%
d'malheur
76%
En
76%
en
76%
java
76%
joueurs
76%
l'heure
76%
mais
76%
Mais
76%
pas
76%
si
76%
Si
76%
voir
76%
Y
76%
allais
72%
cité
72%
des
72%
dos
72%
droit
72%
Il
72%
il
72%
n'a
72%
pour
72%
t'en
72%
train
72%
ça
69%
coeur
69%
copains
69%
grand
69%
jamais
69%
pleurer
69%
une
69%
as
66%
bastringue
66%
ces
66%
fait
66%
met
66%
nous
66%
Panthéon
66%
semblant
66%
bal
62%
dans
62%
faire
62%
feux
62%
follets
62%
Jéhovah
62%
peu
62%
temps
62%
champs
59%
contenter
59%
Dieu
59%
fi
59%
l'amicale
59%
navet
59%
serré
59%
ton
59%
rigolant
55%
sapin
55%
suivaient
55%
aime
52%
Cécile
52%
C'est
52%
chant
52%
enfin
52%
erreur
52%
Mener
52%
moins
52%
Sainte
52%
Sans
52%
sans
52%
Surement
52%
surement
52%
froid
48%
garder
48%
ils
48%
n'avoir
48%
pardonne
48%
plais
48%
qu'au
48%
Quel
48%
soit
48%
son
48%
tant
48%
trou
48%
trouvé
48%
Ave
45%
beaucoup
45%
coulé
45%
d'antan
45%
D'être
45%
d'être
45%
embrasser
45%
firmament
45%
foi
45%
laisse
45%
l'eau
45%
musiciens
45%
myosotis
45%
ont
45%
papa
45%
passé
45%
Tous
45%
asile
41%
cet
41%
coeurs
41%
gentils
41%
grandes
41%
l'au-delà
41%
moindre
41%
nos
41%
pompes
41%
pompons
41%
pont
41%
regrettes
41%
Seigneur
41%
sous
41%
vignes
41%
cas
38%
cieux
38%
Depuis
38%
enfants
38%
entendant
38%
gros
38%
pauvres
38%
rends
38%
sein
38%
biniou
34%
bons
34%
est-ce
34%
flots
34%
gré
34%
jadis
34%
meilleur
34%
rue
34%
servi
34%
bleu
31%
comme
31%
femme
31%
fond
31%
l'autre
31%
L'un
31%
sont
31%
aucun
28%
emportés
28%
furent
28%
pierrots
28%
p'tit
28%
restés
28%
Gaîté
24%
Vanves
24%
Aucun quiz correspondant
Distribution des résultats
% des personnes avec chaque résultat
Percentile par nombre de réponses
Votre historique - résultats
Vous n’avez pas pris ce quiz depuis la dernière actualisation